Sustainable transport choices and the retail sector (Record no. 105651)

MARC details
000 -LEADER
fixed length control field 01451cam a2200229 4500
001 - CONTROL NUMBER
control field ##L134330
008 - FIXED-LENGTH DATA ELEMENTS--GENERAL INFORMATION
fixed length control field 060726n2006 000 0 eng u
035 ## - SYSTEM CONTROL NUMBER
System control number (Sirsi) u134330
041 0# - LANGUAGE CODE
Language code of text/sound track or separate title eng
050 04 - LIBRARY OF CONGRESS CALL NUMBER
Classification number 333.72 $2 18
110 2# - MAIN ENTRY--CORPORATE NAME
Corporate name or jurisdiction name as entry element Commission for Integrated Transport
9 (RLIN) 4991
245 00 - TITLE STATEMENT
Title Sustainable transport choices and the retail sector
260 ## - PUBLICATION, DISTRIBUTION, ETC.
Place of publication, distribution, etc. London
Name of publisher, distributor, etc. CfIT
Date of publication, distribution, etc. 2006
505 2# - FORMATTED CONTENTS NOTE
Formatted contents note Executive summary -- Introduction -- Literature review -- Methodology -- Respondent information -- Survey findings -- Qualitative research results -- Conclusions
520 ## - SUMMARY, ETC.
Summary, etc. Sets out the findings of a study to assess the nature of the relationship between mode of travel and retail spending in various retail sectors. Involved a survey questionnaire of households and interviews of focus groups and stakeholders. Findings include that, on average, car users spend more than public transport users, but after eliminating the impact of income from the analysis, no difference was seen in retail spending between the two groups. Presents policy recommendations. Tables and graphs.
590 ## - LOCAL NOTE (RLIN)
Local note IKA010806
651 #4 - SUBJECT ADDED ENTRY--GEOGRAPHIC NAME
Geographic name United Kingdom
Chronological subdivision
690 ## - LOCAL SUBJECT ADDED ENTRY--TOPICAL TERM (OCLC, RLIN)
Topical term or geographic name as entry element PROPERTY-COMMERCIAL PROPERTY-RETAIL PROPERTY
710 2# - ADDED ENTRY--CORPORATE NAME
Corporate name or jurisdiction name as entry element Mott MacDonald
9 (RLIN) 880
856 40 - ELECTRONIC LOCATION AND ACCESS
Uniform Resource Identifier <a href="https://webarchive.nationalarchives.gov.uk/20110304132839/http://cfit.independent.gov.uk/pubs/2006/stc/technical/pdf/stc-technical01.pdf">https://webarchive.nationalarchives.gov.uk/20110304132839/http://cfit.independent.gov.uk/pubs/2006/stc/technical/pdf/stc-technical01.pdf</a>
Public note View the item free of charge at www.cfit.gov.uk...
942 ## - ADDED ENTRY ELEMENTS (KOHA)
Suppress in OPAC 0
Holdings
Withdrawn status Lost status Source of classification or shelving scheme Damaged status Not for loan Home library Current library Shelving location Date acquired Total Checkouts Full call number Barcode Date last seen Copy number Price effective from Koha item type
    Dewey Decimal Classification     Virtual Virtual Online 26/07/2006   ONLINE PUBLICATION 134330-1001 06/08/2019 1 06/08/2019 Book